000 00574nam a22001817a 4500
005 20251108164339.0
008 250721s1990 xx 000 0 ara d
082 1 4 _a410/عاد
100 1 _aجابر، عادل
245 1 0 _aالجامع في اللغة العربية :
_bالثقافة العامة /
264 1 _aعمان :
_bمركز الخوارزمي - كلية الخوارزمي،
_c1990.
300 _a164ص
650 1 7 _aاللغة العربية
700 1 _aسليمان، نايف
700 1 _aفلاح، خالد
942 _2ddc
_cBK
999 _c9917
_d9917